00370pam a2200133 a 4500020000500000041000800005100001700013245003700030260002800067300001000095930001000105999001700115952010400132 c aeng aThomson A.Z. aScience TodayhTextual Documents a[s.l]:bEyre& Spotiswat a398p. a15408 c92308d92308 001040708General aYMPbYMPd2021-07-11l0o pYMP-90549r2023-02-24 00:00:00t1w2023-02-24yBK